Phong trào giải phóng dân tộc Việt Nam và quan hệ của nó với Nhật Bản và châu Á Tư tưởng Phan Bội châu về cách mạng và thế giới; T2

সংরক্ষণ করুন:
গ্রন্থ-পঞ্জীর বিবরন
প্রধান লেখক: Shirashi Masaya
বিন্যাস: গ্রন্থ
ভাষা:Undetermined
প্রকাশিত: Hà Nội Chính trị Quốc gia 2000
বিষয়গুলি:
ট্যাগগুলো: ট্যাগ যুক্ত করুন
কোনো ট্যাগ নেই, প্রথমজন হিসাবে ট্যাগ করুন!
Thư viện lưu trữ: Trung tâm Học liệu Trường Đại học Cần Thơ
LEADER 00690nam a2200205Ia 4500
001 CTU_62131
008 210402s9999 xx 000 0 und d
020 |b 52000 
082 |a 959.707 
082 |b M394/T2 
100 |a Shirashi Masaya 
245 0 |a Phong trào giải phóng dân tộc Việt Nam và quan hệ của nó với Nhật Bản và châu Á 
245 0 |b Tư tưởng Phan Bội châu về cách mạng và thế giới; T2 
260 |a Hà Nội 
260 |b Chính trị Quốc gia 
260 |c 2000 
650 |a History 
650 |z Vietnam 
904 |i Mai Loan 
980 |a Trung tâm Học liệu Trường Đại học Cần Thơ